Statistics for The 10 Most Populated Countries in Africa - Map Quiz

Click here to take the quiz!

General Stats

  • This quiz has been taken 70 times
  • The average score is 6 of 10

Answers on the Map

Answers color-coded by a green-red scale on the quiz's map according to % correct below.
 

Answer Stats

Answer% Correct
Nigeria
98%
Ethiopia
93%
DR Congo
85%
Egypt
85%
Tanzania
61%
South Africa
52%
Kenya
43%
Uganda
26%
Algeria
24%
Sudan
11%

Score Distribution

Percentile by Number Answered

Percent of People with Each Score

Your Score History

You have not taken this quiz